000 01276cab a22003015a 4500
001 L160153
008 180820e2018 xxk 000 0 eng d
035 _a(Sirsi) u160153
041 0 _aeng
100 1 _aBurke, Rob
245 0 0 _aRepair or improvement?
_h[electronic resource]
260 _c2018
490 _aRICS Building Surveying Journal
_vJuly-August 2018, 26-27(2)
520 _aConsiders the liabilities and obligations for commercial property occupiers under the terms of a full repairing lease. Landlord and Tenant Act 1927 defines ?obligation to repair? and covenants in leases express them. Sets out five steps for identifying disrepair and looks at the differences between repair and betterment. Refers to case law.
650 2 4 _aFULL REPAIRING LEASE
650 2 4 _aLANDLORD AND TENANT ACT 1927
650 2 4 _aDISREPAIR
650 2 4 _aREPAIR
650 2 4 _aBETTERMENT
650 2 4 _aPOSTEL PROPERTIES LTD V BOOTS THE CHEMIST LTD
650 2 4 _aWAALER V HOUNSLOW LBC
650 2 4 _aDE HAVILLAND STUDIOS LTD V PERIES
651 4 _aUnited Kingdom
_y
690 _aRefurbishment
_96264
690 _aSustainability
_96271
856 4 0 _uhttps://issuu.com/ricsmodus/docs/building_surveying_journal_july-aug
_yAvailable free online via Issuu
942 _n0
999 _c85181
_d85181